Kaiser Heinrich II. : 1002 - 1024 ; [Begleitband zur Bayerischen Landesausstellung 2002, Bamberg, 9. Juli bis 20. Oktober 2002]
Saved in:
| Other Authors: | |
|---|---|
| Document Type: | Conference Proceeding Book |
| Language: | German |
| Published: |
Stuttgart
: Theiss
, 2002
|
| Series: | dt.
|
| Subjects: | |
| Online Access: | Rezension Inhaltsverzeichnis Rezension |
| Related Items: | Rezensiert in:
[Rezension von: Josef Kirmeier / Bernd Schneidmüller / Stefan Weinfurter (Hrsg.), Kaiser Heinrich II] |
| Author Notes: | hrsg. von Josef Kirmeier ... [Bayerisches Staatsministerium für Wissenschaft, Forschung und Kunst; Haus der Bayerischen Geschichte, Augsburg] |
| LEADER | 04880cam a2200889 c 4500 | ||
|---|---|---|---|
| 001 | 349778612 | ||
| 003 | DE-627 | ||
| 005 | 20251223201137.0 | ||
| 007 | tu | ||
| 008 | 020627s2002 gw ||||| c 00| ||ger c | ||
| 015 | |a 02,N28,0722 |2 dnb | ||
| 015 | |a 02,A42,1670 |2 dnb | ||
| 016 | 7 | |a 964614014 |2 DE-101 | |
| 020 | |a 3806217122 |q Efal. : EUR 24.90, sfr 42.00 |9 3-8062-1712-2 | ||
| 024 | 3 | |a 9783806217124 | |
| 035 | |a (DE-627)349778612 | ||
| 035 | |a (DE-576)099931532 | ||
| 035 | |a (DE-599)GBV349778612 | ||
| 035 | |a (OCoLC)248270378 | ||
| 035 | |a (OCoLC)248270378 | ||
| 040 | |a DE-627 |b ger |c DE-627 |e rakwb | ||
| 041 | |a ger | ||
| 044 | |c XA-DE | ||
| 050 | 0 | |a DD140.7 | |
| 082 | 0 | |a 943.022092 | |
| 084 | |a 63 |2 sdnb | ||
| 084 | |a 9,10 |2 ssgn | ||
| 084 | |a 9,10 |a 1 |2 ssgn | ||
| 084 | |a NM 6640 |2 rvk |0 (DE-625)rvk/126376: | ||
| 084 | |a 15.41 |2 bkl | ||
| 084 | |a 15.33 |2 bkl | ||
| 245 | 0 | 0 | |a Kaiser Heinrich II. |b 1002 - 1024 ; [Begleitband zur Bayerischen Landesausstellung 2002, Bamberg, 9. Juli bis 20. Oktober 2002] |c hrsg. von Josef Kirmeier ... [Bayerisches Staatsministerium für Wissenschaft, Forschung und Kunst; Haus der Bayerischen Geschichte, Augsburg] |
| 246 | 3 | 0 | |a 2. Impressionen Ausstellung Musik Sprachbeispiele Projektionen |
| 246 | 3 | 0 | |a zweite |
| 246 | 3 | 3 | |a Bayerische Landesausstellung 2002 |
| 263 | |a Efal. : EUR 24.90, sfr 42.00 | ||
| 264 | 1 | |a Stuttgart |b Theiss |c 2002 | |
| 300 | |a 439 S. |b zahlr. Ill., Kt. |c 30 cm |e 1 CD-ROM (12 cm) | ||
| 336 | |a Text |b txt |2 rdacontent | ||
| 336 | |a unbewegtes Bild |b sti |2 rdacontent | ||
| 337 | |a ohne Hilfsmittel zu benutzen |b n |2 rdamedia | ||
| 338 | |a Band |b nc |2 rdacarrier | ||
| 490 | 0 | |a dt. | |
| 500 | |a Literaturverz. S. 411 - 438 | ||
| 500 | |a Nebent. auf der CD-ROM-Beil.: Bayerische Landesausstellung 2002. - CD-ROM-Beil. enth.: Impressionen der Ausstellung, Musik, Sprachbeispiele, Projektionen | ||
| 583 | 1 | |a Archivierung/Langzeitarchivierung gewährleistet |f PEBW |x XA-DE-BW |2 pdager |5 DE-24 | |
| 583 | 1 | |a Archivierung/Langzeitarchivierung gewährleistet |f SSG |x XA-DE-BW |2 pdager |5 DE-16 | |
| 583 | 1 | |a Archivierung prüfen |c 20240324 |f DE-4165 |z 1 |2 pdager | |
| 600 | 1 | 0 | |a Henry II, Holy Roman emperor |x Exhibitions |
| 650 | 4 | |a Biographie |x Bayern |x Franken |x Ausstellungskatalog |x Mittelalter | |
| 650 | 4 | |a Bamberg | |
| 651 | 0 | |a Holy Roman Empire |x Exhibitions |x History |x Henry II, 1002-1024 | |
| 651 | 0 | |a Holy Roman Empire |x Biography |x Exhibitions |x Kings and rulers | |
| 651 | 0 | |a Church and state |x Exhibitions |x History |x Holy Roman Empire | |
| 655 | 7 | |a Ausstellungskatalog |y 2002 |z Bamberg |0 (DE-588)4135467-9 |0 (DE-627)10566491X |0 (DE-576)209660988 |2 gnd-content | |
| 689 | 0 | 0 | |d p |0 (DE-588)118548255 |0 (DE-627)079346235 |0 (DE-576)208953655 |a Heinrich |b II. |c Heiliges Römisches Reich, Kaiser |d 973-1024 |2 gnd |
| 689 | 0 | |5 DE-101 | |
| 700 | 1 | |a Kirmeier, Josef |d 1957-2024 |e Hrsg. |0 (DE-588)1067689583 |0 (DE-627)819088870 |0 (DE-576)165278536 |4 edt | |
| 700 | 1 | |a Schneidmüller, Bernd |d 1954- |e Hrsg. |0 (DE-588)122170725 |0 (DE-627)08177947X |0 (DE-576)162950454 |4 edt | |
| 710 | 2 | |a Bayern |b Bayerisches Staatsministerium für Wissenschaft, Forschung und Kunst |0 (DE-588)5306333-8 |0 (DE-627)251472701 |0 (DE-576)197352251 |4 oth | |
| 710 | 2 | |a Haus der Bayerischen Geschichte |0 (DE-588)2135009-7 |0 (DE-627)148497179 |0 (DE-576)194726967 |4 oth | |
| 711 | 2 | |a Bayerische Landesausstellung |d 2002 |c Bamberg |0 (DE-588)16029858-1 |0 (DE-627)613302001 |0 (DE-576)313237433 |4 oth | |
| 787 | 0 | 8 | |i Rezensiert in |a Beuckers, Klaus Gereon, 1966 - |t [Rezension von: Josef Kirmeier / Bernd Schneidmüller / Stefan Weinfurter (Hrsg.), Kaiser Heinrich II] |d 2003 |w (DE-627)1920617019 |
| 856 | 4 | 2 | |u https://swbplus.bsz-bw.de/bsz099931532rez.htm |m B:DE-576;DE-16 |q application/pdf |v 20081106100756 |x Verlag |3 Rezension |7 1 |
| 856 | 4 | 2 | |u https://swbplus.bsz-bw.de/bsz099931532inh.htm |m B:DE-576;DE-16 |q application/pdf |v 20091022162220 |x Verlag |3 Inhaltsverzeichnis |7 1 |
| 856 | 4 | 2 | |u http://www.sehepunkte.de/2003/02/2141.html |m V:DE-576;X:Sehepunkte |q text/html |v 20180424113608 |3 Rezension |7 1 |
| 889 | |w (DE-627)1774395363 | ||
| 889 | |w (DE-627)1774153211 | ||
| 935 | |a mteo | ||
| 935 | |i Blocktest | ||
| 936 | r | v | |a NM 6640 |b Heinrich II. (1002 - 1024) |k Geschichte |k Geschichte des Mittelalters |k Abendländische Geschichte im Mittelalter nach Zeitabschnitten |k Hochmittelalter (911 - 1254) |k Konrad I. und die sächsischen Herrscher (911 - 1024) |k Heinrich II. (1002 - 1024) |0 (DE-627)1271462133 |0 (DE-625)rvk/126376: |0 (DE-576)201462133 |
| 936 | b | k | |a 15.41 |j Deutsche Geschichte bis 1499 |x Deutsche Geschichte |0 (DE-627)18156971X |
| 936 | b | k | |a 15.33 |j Hoch- und Spätmittelalter |q coli-conc RVK->BK |q https://coli-conc.gbv.de/api/mappings/a326d94a-0ef2-461f-961d-7dd5d7066334 |0 (DE-627)181571560 |
| 951 | |a BO | ||
| 990 | |a Heinrich <II., Heiliges Römisches Reich, Kaiser> | ||
| 991 | |a Rezensiertes Werk | ||
| 999 | |a KXP-PPN349778612 |e 4955647251 | ||


